Guess the Taylor Swift Song with no hints - #3 - Statistics

General Stats
  • This quiz has been taken 98 times
  • The average score is 298 of 385
Answer Stats
answers % Correct
I
99%
a
97%
you
97%
You
97%
the
96%
The
96%
love
93%
me
93%
me)
93%
your
93%
an
91%
He
90%
he
90%
(he
90%
my
90%
you're
90%
do
89%
it
89%
it"
89%
of
89%
and
87%
And
87%
in
87%
so
87%
when
87%
all
86%
All
86%
But
86%
but
86%
I'm
86%
They
86%
was
86%
her
84%
too
83%
am
81%
know
81%
like
81%
said,
81%
said
81%
that
81%
time
81%
for
80%
him
80%
his
80%
it's
80%
with
80%
With
80%
can
77%
did
77%
life"
77%
life
77%
this
77%
as
76%
broken
76%
heart
76%
I've
76%
'Cause
74%
day
74%
every
74%
read
74%
real
74%
been
73%
down,
73%
even
73%
good
71%
good,
71%
mind
71%
(one,
71%
"She's
71%
cry
70%
make
70%
"More"
70%
act
69%
art
69%
birthday
69%
didn't
69%
having
69%
hit
69%
kid,
69%
lights
69%
Lights,
69%
There
69%
fake
67%
left
67%
lot
67%
short
67%
bitch
66%
Breaking
66%
camera,
66%
crowd
66%
gotta
66%
handle
66%
night
66%
off
66%
productive,
66%
shit
66%
smile,
66%
tough
66%
wanna
66%
avoids
64%
"Babe,
64%
depressed,
64%
floor
64%
he'd
64%
die
63%
doing
63%
obsessed
63%
pieces
63%
show
61%
since
61%
thing
61%
chanting
60%
marks
60%
shattered
60%
three,
60%
three)
60%
two,
60%
breath
59%
hitting
59%
hold
59%
plague
59%
four)
57%
quite
57%
pass
56%
test
56%
till
56%
keep
54%
things
54%
winning,
54%
miles
53%
come
51%
grinning
51%
imagine
51%
miserable
51%
nobody
51%
Try
51%
whole
51%
drawers
50%
knows
50%
lies
50%
sure
50%
finding
49%
job
49%
glittering
47%
silhouette
47%
stars
47%
stilettos
47%
Crucial
46%
evidence,
44%
prime
43%
refract
31%
I hit
26%
sequined
23%
No matching quizzes found
Score Distribution
Percent of People with Each Score
Percentile by Number Answered
Your Score History
You have not taken this quiz